| 000 | 00508cam a22001575a 4500 | ||
|---|---|---|---|
| 001 | J100793 | ||
| 008 | 000000s1916 xxk 000 0 eng u | ||
| 035 | _a(Sirsi) u100793 | ||
| 110 |
_aSurveyors' Institution _93783 |
||
| 245 | _aUnemployment after the war. Housing emergency schemes. Report of a Special Committee of the Council of the Institution. Part 1 - urban. December 1916. | ||
| 260 | _c1916 | ||
| 300 | _a27p. | ||
| 651 | 4 |
_aUnited Kingdom _y |
|
| 690 |
_aResidential property _96266 |
||
| 942 | _n0 | ||
| 999 |
_c99835 _d99835 |
||